|
|
|
|
| LEADER |
01378nam a2200325 a 4500 |
| 001 |
16039271 |
| 008 |
130316s2011 enka b 001 0 eng d |
| 999 |
|
|
|c 13243
|d 13243
|
| 010 |
|
|
|a 2009051835
|
| 020 |
|
|
|a 9780415459099 (hardback : alk. paper)
|
| 020 |
|
|
|a 9780415459105 (pbk. : alk. paper)
|
| 040 |
|
|
|a DLC
|c DLC
|d DLC
|d BD-DhAAL
|
| 082 |
0 |
0 |
|a 624.0684
|2 22
|
| 100 |
1 |
|
|a Loosemore, Martin,
|d 1962-
|9 32215
|
| 245 |
1 |
0 |
|a Responsible corporate strategy in construction and engineering :
|b "doing the right thing?" /
|c Martin Loosemore and Florence Phua.
|
| 260 |
|
|
|a London ;
|a New York :
|b Spon Press,
|c 2011.
|
| 300 |
|
|
|a xi, 176 p. :
|b ill. ;
|c 24 cm.
|
| 504 |
|
|
|a Includes bibliographical references (p. [163]-173) and index.
|
| 526 |
|
|
|a ARC
|
| 541 |
|
|
|a 00026696
|
| 650 |
|
0 |
|a Construction industry
|x Management.
|9 32216
|
| 650 |
|
0 |
|a Building
|x Moral and ethical aspects.
|9 32217
|
| 650 |
|
0 |
|a Social responsibility of business.
|9 32218
|
| 650 |
|
0 |
|a Customer relations.
|9 32219
|
| 650 |
|
0 |
|a Consumer satisfaction.
|9 32220
|
| 650 |
|
0 |
|a Strategic planning.
|9 32221
|
| 700 |
1 |
|
|a Phua, Florence,
|d 1974-
|9 32222
|
| 852 |
1 |
|
|a Ayesha Abed Library
|j General Shelf.
|
| 942 |
|
|
|2 ddc
|c BK
|
| 952 |
|
|
|0 0
|1 0
|2 ddc
|4 0
|6 624_068400000000000_LOO
|7 0
|9 22044
|a BRACUL
|b BRACUL
|c GEN
|d 2013-03-16
|e Trim Education
|g 4125.00
|l 1
|m 3
|o 624.0684 LOO
|p 3010026696
|r 2013-09-26
|s 2013-08-29
|t 1
|w 2013-03-16
|y BK
|